| 000 | 00665nam a2200205Ia 4500 | ||
|---|---|---|---|
| 008 | 191130s2007##################000#0#eng## | ||
| 020 | _a9780195387100 | ||
| 040 |
_aACL _cACL |
||
| 082 | _a394.120945 RIL | ||
| 100 | _aRiley, Gillian | ||
| 245 |
_aThe Oxford companion to Italian food _cGillian Riley |
||
| 260 |
_aOxford _bOxford University Press _c2007 |
||
| 300 | _axxiii, 637 p. : ill., map ; 25 cm | ||
| 500 | _aIncludes bibliographical references (p. [595]-601) and index | ||
| 650 | _aCooking, Italian - Dictionaries | ||
| 650 | _aFood habits - Italy - History | ||
| 990 | _ac452c3ebac10000c0aa384d096ff55b7 | ||
| 991 | _a357723 | ||
| 999 |
_c294745 _d294745 |
||